000
00283nam a22001097a 4500
008
170120b xxu||||| |||| 00| 0 eng d
020
_a
9781401810320
041
_a
eng
080
_2
7TH
_a
618.2
245
_a
FLUIDS AND ELECTROLYTES WITH CLINICAL APPLICTIONS
_c
KEE, J.L
942
_2
udc
_c
BK
999
_c
3211
_d
3211